Therapie sexuell mißbrauchter Kinder: Erfahrungen - Konzepte - Wege ; [Forschungsprojekt Handlungsrelevante Konzepte und therapeutische Interaktionscharakteristika aus der Sicht von Helferinnen sexuell mißbrauchter Kinder]
| Authors: | ; |
|---|---|
| Format: | Print Book |
| Language: | German |
| Published: |
Berlin
Berlin-Verl. Arno Spitz
1998
|
| In: |
Berlin-Forschung (32 : Themenbereich Psychologie, Psychiatrie)
Year: 1998 |
| Online Access: |
Table of Contents Table of Contents |
| Availability in Tübingen: | Present in Tübingen. IFK: E XI 123 |
| Check availability: | HBZ Gateway |
| Subito Delivery Service: | Order now. |
| Keywords: |
MARC
| LEADER | 00000cam a2200000 c 4500 | ||
|---|---|---|---|
| 001 | 241348404 | ||
| 003 | DE-627 | ||
| 005 | 20260206193621.0 | ||
| 007 | tu | ||
| 008 | 980316s1998 gw ||||| 00| ||ger c | ||
| 015 | |a 98,N13,0075 |2 dnb | ||
| 015 | |a 98,A30,0167 |2 dnb | ||
| 016 | 7 | |a 953087174 |2 DE-101 | |
| 020 | |a 3870619325 |c : DM 29.80, S 218.00, sfr 28.00 (kart.) |9 3-87061-932-5 | ||
| 035 | |a (DE-627)241348404 | ||
| 035 | |a (DE-603)056370261 | ||
| 035 | |a (DE-576)06488046X | ||
| 035 | |a (DE-599)DNB953087174 | ||
| 035 | |a (OCoLC)246109977 | ||
| 035 | |a (OCoLC)246109977 | ||
| 040 | |a DE-627 |b ger |c DE-627 |e rakwb | ||
| 041 | |a ger | ||
| 044 | |c XA-DE | ||
| 084 | |a 11 |a 33 |a 14 |2 sdnb | ||
| 084 | |a CU 7000 |2 rvk |0 (DE-625)rvk/19119: | ||
| 084 | |a PH 8820 |2 rvk |0 (DE-625)rvk/136521: | ||
| 084 | |a CU 8100 |2 rvk |0 (DE-625)rvk/19131: | ||
| 084 | |a YH 8715 |2 rvk |0 (DE-625)rvk/153591:12921 | ||
| 084 | |a 79.16 |2 bkl | ||
| 100 | 1 | |8 1\p |a Thurn, Claudia |d 1966- |0 (DE-588)120238640 |0 (DE-627)696491869 |0 (DE-576)292114419 |4 aut | |
| 109 | |a Thurn, Claudia 1966- | ||
| 245 | 1 | 0 | |a Therapie sexuell mißbrauchter Kinder |b Erfahrungen - Konzepte - Wege ; [Forschungsprojekt Handlungsrelevante Konzepte und therapeutische Interaktionscharakteristika aus der Sicht von Helferinnen sexuell mißbrauchter Kinder] |c Claudia Thurn; Elisabeth Wils. Mit einem Geleitw. von Jörg M. Fegert |
| 263 | |a kart. : DM 29.80, S 218.00, sfr 28.00 | ||
| 264 | 1 | |a Berlin |b Berlin-Verl. Arno Spitz |c 1998 | |
| 300 | |a 160 S |b graph. Darst |c 21 cm | ||
| 336 | |a Text |b txt |2 rdacontent | ||
| 337 | |a ohne Hilfsmittel zu benutzen |b n |2 rdamedia | ||
| 338 | |a Band |b nc |2 rdacarrier | ||
| 490 | 1 | |a Berlin-Forschung |v 32 |a Themenbereich Psychologie, Psychiatrie | |
| 500 | |a Literaturverz. S. 151 - 160 | ||
| 505 | 8 | |a Literaturverz. S. 151 - 160 | |
| 505 | 8 | |a Literaturverz. S. 151 - 160 | |
| 689 | 0 | 0 | |d s |0 (DE-588)4126865-9 |0 (DE-627)105729094 |0 (DE-576)20958873X |a Sexueller Missbrauch |2 gnd |
| 689 | 0 | 1 | |d s |0 (DE-588)4030627-6 |0 (DE-627)106269232 |0 (DE-576)208988394 |a Kinderpsychotherapie |2 gnd |
| 689 | 0 | 2 | |d s |0 (DE-588)4072158-9 |0 (DE-627)106096087 |0 (DE-576)209186003 |a Gruppentherapie |2 gnd |
| 689 | 0 | |5 DE-101 | |
| 700 | 1 | |8 2\p |a Wils, Elisabeth |d 1966- |0 (DE-588)120238675 |0 (DE-627)696491958 |0 (DE-576)292114443 |4 aut | |
| 830 | 0 | |a Berlin-Forschung |v 32 : Themenbereich Psychologie, Psychiatrie |9 32 |w (DE-627)13057029X |w (DE-576)008516200 |w (DE-600)787847-3 |7 am | |
| 856 | 4 | 2 | |u http://www.gbv.de/dms/hbz/toc/ht008591891.pdf |m V:DE-605 |q pdf/application |v 2008-11-15 |x Verlag |y Inhaltsverzeichnis |3 Inhaltsverzeichnis |7 1 |
| 856 | 4 | 2 | |u http://scans.hebis.de/HEBCGI/show.pl?05637026_toc.pdf |m V:DE-605 |q application/pdf |3 Inhaltsverzeichnis |7 1 |
| 883 | |8 1\p |a cgwrk |d 20241001 |q DE-101 |u https://d-nb.info/provenance/plan#cgwrk | ||
| 883 | |8 2\p |a cgwrk |d 20241001 |q DE-101 |u https://d-nb.info/provenance/plan#cgwrk | ||
| 889 | |w (DE-627)272418404 | ||
| 935 | |i mdedup | ||
| 935 | |i Blocktest | ||
| 935 | |h HEB |i 0501 | ||
| 935 | |h HEB |i 0503 | ||
| 936 | r | v | |a CU 7000 |b Psychologische Beratung (außer Berufsberatung) |k Psychologie |k Klinische Psychologie |k Psychologische Beratung (außer Berufsberatung) |0 (DE-627)1271484412 |0 (DE-625)rvk/19119: |0 (DE-576)201484412 |
| 936 | r | v | |a PH 8820 |b Gewalt / Sexualverhalten; Vergewaltigung, Sexueller Missbrauch, Sexuelle Nötigung; Kind / Sexueller Missbrauch; Pornographie; Prostitution; Zuhälterei; Abweichendes Sexualverhalten |k Rechtswissenschaft |k Strafrecht, Strafverfahrensrecht, Kriminologie |k Kriminologie |k Einzelne Deliktsgruppen |k Sexualkriminalität |k Gewalt / Sexualverhalten; Vergewaltigung, Sexueller Missbrauch, Sexuelle Nötigung; Kind / Sexueller Missbrauch; Pornographie; Prostitution; Zuhälterei; Abweichendes Sexualverhalten |0 (DE-627)1271675048 |0 (DE-625)rvk/136521: |0 (DE-576)201675048 |
| 936 | r | v | |a CU 8100 |b Kinderpsychotherapie, Jugendpsychotherapie |k Psychologie |k Klinische Psychologie |k Psychologische Behandlungsmethoden, Psychotherapie |k Kliententypen |k Kinderpsychotherapie, Jugendpsychotherapie |0 (DE-627)1270857088 |0 (DE-625)rvk/19131: |0 (DE-576)200857088 |
| 936 | r | v | |a YH 8715 |b Therapie (medikamentöse, physikalische Rehabilitation) |k Medizin |k Psychiatrie, Medizinische Psychologie |k Spezielle Psychiatrie |k Gerichtliche Psychiatrie |k Sexualstörungen |k Verbotene heterosexuelle Handlungen: Unzucht, Inzest (Blutschande), Verkehr mit Kindern und Abhängigen |k A. Formalschlüssel |k Allgemeine Literatur zu einem Hauptgebiet |k Therapie (medikamentöse, physikalische Rehabilitation) |0 (DE-627)1271798204 |0 (DE-625)rvk/153591:12921 |0 (DE-576)201798204 |
| 936 | b | k | |a 79.16 |j Jugendhilfe |x Sozialarbeit |0 (DE-627)106412930 |
| 936 | s | n | |a c200 |2 mzub |
| 936 | s | n | |a w200 |2 mzub |
| 936 | s | n | |a m200 |2 mzub |
| 951 | |a BO | ||
| ELC | |b 1 | ||
| LOK | |0 000 xxxxxcx a22 zn 4500 | ||
| LOK | |0 001 3238895621 | ||
| LOK | |0 003 DE-627 | ||
| LOK | |0 004 241348404 | ||
| LOK | |0 005 19991229000000 | ||
| LOK | |0 008 991229||||||||||||||||ger||||||| | ||
| LOK | |0 040 |a DE-21-110 |c DE-627 |d DE-21-110 | ||
| LOK | |0 852 |a DE-21-110 | ||
| LOK | |0 852 1 |c E XI 123 |m p |9 00 | ||
| LOK | |0 935 |a k110 | ||
| LOK | |0 936ln |a 9.5.3 | ||
| LOK | |0 938 |k p | ||
| LOK | |0 939 |a 29-12-99 |b l01 | ||
| ORI | |a SA-MARC-krimdoka001.raw | ||
| SIG | |a IFK: E XI 123 | ||
